00509 a2200121 4500001001000000005001700010008004100027245018200068100002500250700002400275773007100299999001700370ART_1075320260410161854.0260409a 10a¿Puede el hecho de haber nacido constituir un daño resarcible? (Reflexiones desde el derecho argentino a próposito de la Jurisprudencia de la Corte de Casación Francesa)1 aPicasso, Sebastián1 aSaénz, Luis R. J.0 tDerecho privadogBioderecho - Año I, Nº 1 (mayo 2012)wREV10455 c25290d25290